Pla d'actuació del mandat 2004 - 2007 / Diputació de Barcelona, Àrea de Salut Pública i Consum
Descripción Física:
[40] p. ; 30 cm
MARC
| LEADER | 00000nam a2200000Ia 4500 | ||
|---|---|---|---|
| 001 | 16703 | ||
| 008 | 160829s9999 xx 000 0 cat d | ||
| 080 | |a FU-44-17 | ||
| 110 | |a Barcelona (Catalunya : Província). |b Àrea de Salut Pública i Consum |9 7348 | ||
| 245 | |a Pla d'actuació del mandat 2004 - 2007 / Diputació de Barcelona, Àrea de Salut Pública i Consum | ||
| 260 | |a Barcelona : |b Diputació de Barcelona, Àrea de Salut Pública i Consum, 2004? | ||
| 300 | |a [40] p. ; |c 30 cm | ||
| 650 | |a Barcelona. Diputació. Àrea de Salut Pública i Consum |x Planificació |9 23031 | ||
| 901 | |a Arxiu | ||
| 942 | |n 1 | ||
| 952 | |0 0 |1 0 |4 0 |6 FU4417 |7 1 |9 42481 |a Arxiu |b Arxiu |d 2016-12-01 |l 0 |o FU-44-17 |p 16703 |r 2016-12-01 00:00:00 |w 2016-12-01 |y ARXIU | ||
| 999 | |c 44986 |d 44986 | ||